000 00338nam a2200145Ia 4500
005 20251222144912.0
008 251222s9999||||xx |||||||||||||| ||spa||
020 _a978-84-15204-40-4
082 _a791.437/C61
100 _aClaveras, Montserrat
245 0 _aUna vida de cine:
250 _a1a.ed.
264 _bBrief,
942 _cLIB
999 _c22397
_d22397